000 00914nam a2200229Ia 4500
001 16885
005 20260330153353.0
008 260306t2014||||xx |||||||||||||| ||und||
041 _aESP
082 _a657.3
_bE92
100 _aEstupiñán Gaitán, Rodrigo
_eAUT
245 0 _aEstados financieros básicos bajo NIC/NIIF
260 _c2014
300 _axiii, 212 páginas :
_c24 cm.
650 _aGEN
654 _aCCO
856 _uhttps://itmsp.museknowledge.com/UCSP?url=https://www.ebooks7-24.com:443/?il=5662&pg=1
_zVersión digital (2017)
856 _uhttps://0u213up8l-y-https-ebooks7--24-com.itmsp.museknowledge.com/biblioteca.aspx
_zVéase además: Base de datos Ebook7-24
856 _uhttps://www.legismovil.pe/lnp.asp
_zVéase además: Base de datos Legis Móvil
856 _uhttps://legal.legis.com.pe/home/Corporativo
_zVéase además: Base de datos Multilegis
942 _cLIB
_dJUS
_fJUS
_2ddc
999 _c16885
_d16885